000 00442nam a2200181Ia 4500
005 20240823040805.0
008 240823s9999||||xx |||||||||||||| ||und||
041 _aENGLISH
082 _A658 M6
100 _a"Courtis,John"
245 4 _aThe 44 Most Common Management Mistakes
250 _a1st
260 _c1986
_b"UBS,New Delhi"
500 _aTRANSFERED
650 _aManagement
_bManagement Studies
942 _cBK
999 _c203954
_d203954